000
00269nam a2200109Ia 4500
008
260210s9999 xx 000 0 und d
020
_a
9791189659349
100
_a
Jill
245
4
_a
The Space Of Cafe With Brand 01 (Price Printed)
260
_b
Archilab
942
_c
BDES
999
_c
14111
_d
14111